| 000 | 00794nam a2200229 a 4500 | ||
|---|---|---|---|
| 001 | 58402 | ||
| 003 | BD-RjUL | ||
| 005 | 20211209080621.0 | ||
| 008 | 161218s1968 nyu b 000 0 eng | ||
| 035 | _a(BD-RjUL)58526 | ||
| 040 |
_aDLC _cDLC _dDLC _dBD-RjUL _beng |
||
| 041 | _aeng | ||
| 082 | 0 | 0 |
_a331.110973 _223 _bGIM 1968 |
| 100 | 1 |
_aGinzberg, Eli, _d1911- _9173463 |
|
| 245 | 1 | 0 |
_aManpower strategy for the metropolis / _cby Eli Ginzberg and the Conservation of Human Resources staff, Columbia University. |
| 260 |
_aNew York : _bColumbia University Press, _c1968. |
||
| 300 |
_axii, 321 p. ; _c22 cm. |
||
| 500 | _aIncludes Index | ||
| 650 | 0 |
_aManpower policy _zUnited States. _9173464 |
|
| 710 | 2 |
_aConservation of Human Resources Project (Columbia University) _9173465 |
|
| 942 |
_2ddc _cBK |
||
| 999 |
_c58402 _d58402 |
||